載入...
The Selected plays of Ben Jonson
| 主要作者: | |
|---|---|
| 格式: | Printed Book |
| 出版: |
Cambridge, CUP
1989
|
| 叢編: | 1
|
| 主題: |
| LEADER | 004830000a22001690004500 | ||
|---|---|---|---|
| 082 | |a 822 JON/S M9.1 | ||
| 100 | |a Jonson, Ben | ||
| 245 | |a The Selected plays of Ben Jonson | ||
| 260 | |a Cambridge, CUP | ||
| 260 | |c 1989 | ||
| 465 | |a P 15 | ||
| 490 | |a 1 | ||
| 650 | |a Drama | ||
| 650 | |a English | ||
| 942 | |c BK | ||
| 999 | |c 16944 |d 16944 | ||
| 952 | |0 0 |1 0 |4 0 |6 822_JONS_M9_100000000000000 |7 0 |8 ENG |9 16748 |a MGUL |b MGUL |d 2013-07-16 |e P 15 |l 1 |o 822 JON/S M9.1 |p 07571 |r 2013-12-23 |s 2013-11-30 |w 2013-07-16 |y BK | ||